00951cam a2200277 a 45000010009000000050017000090080041000260100017000670200015000840200018000990350023001170400042001400410008001820420014001900800015002040820019002191000007002381010008002452450054002535040064003079060045003719420012004169990017004289520114004459520114005591480445920180104080644.0070411s2007 nyuaf b 001 0 eng d a 2007273393 a0071489975 a9780071489973 a(OCoLC)ocm85370929 aJBLcJBLdJBLdBAKERdBLCdYDXCPdDLC aeng alccopycat a338.91 SMI04a338.91 SMI2221 a58 aBIZ12aA billion bootstraps :cPhil Smith, Eric Thurman. aIncludes bibliographical references (p. 207-213) and index. a7bcbcccopycatd2encipf20gy-gencatlg 2ddccBK c39739d39739 00102udc40708PËKGa002b002cPËKGd2018-01-04l0o338.91 SMIp002-2939729r2018-01-04w2018-01-04yBK 00102udc40708PËKGa002b002cPËKGd2018-01-04l0o338.91 SMIp002-2939733r2018-01-04w2018-01-04yBK